00659nam a2200229Ia 4500008004100000020001400041050001600055100002100071245002300092245005300115245002400168260001500192260001600207260000900223300001600232300002000248300001000268300001800278500000800296999001900304952010600323170918s9999 xx 000 0 und d a439341922 bD392so 2001 aDenenberg, Barry aSo far from home : bthe diary of mary driscoll, an Irish mill girl / cby Barry Denenberg. aNew York : bScholastic, c2001 a170 pages : billustrations ; c19cm. eDear America. a710 c343651d343651 001040aSSISMbSSISMd2017-09-18l0oFIC D392so 2001pSSISM2723r2017-09-18 00:00:00w2017-09-18yBK